000 00467nam a2200145Ia 4500
008 100204s9999 xx 000 0 und d
082 _b8358
100 _aआकाशानंद
245 _aमाध्यम चित्रवाणी
260 _b"ग्रंथघर , मुंबई"
_c1986
300 _a77
630 _aमाध्यम चित्रवाणी
730 _aमाध्यम चित्रवाणी
942 _cBOOK
999 _c452794
_d452791